A wellness way of life / (Record no. 115385)

MARC details
000 -LEADER
fixed length control field 00772cam a2200265 a 4500
008 - FIXED-LENGTH DATA ELEMENTS--GENERAL INFORMATION
fixed length control field
020 ## - INTERNATIONAL STANDARD BOOK NUMBER
International Standard Book Number 0072353287 (pbk.)
049 ## - LOCAL HOLDINGS (OCLC)
Holding library MAIN
050 00 - LIBRARY OF CONGRESS CALL NUMBER
Classification number RA776
Item number ROB
003 - CONTROL NUMBER IDENTIFIER
control field
005 - DATE AND TIME OF LATEST TRANSACTION
control field 20230120204013.0
040 ## - CATALOGING SOURCE
Transcribing agency NUST
100 1# - MAIN ENTRY--PERSONAL NAME
Personal name Robbins, Gwen.
245 12 - TITLE STATEMENT
Title A wellness way of life /
Statement of responsibility, etc. Gwen Robbins, Debbie Powers and Sharon Burgess.
250 ## - EDITION STATEMENT
Edition statement 5th ed.
260 ## - PUBLICATION, DISTRIBUTION, ETC.
Place of publication, distribution, etc. Boston :
Name of publisher, distributor, etc. McGraw-Hill,
Date of publication, distribution, etc. 2002.
300 ## - PHYSICAL DESCRIPTION
Extent xv, 581 p. :
Other physical details ill. (some col.) ;
Dimensions 28 cm. +
Accompanying material 1 CD-ROM (4 3/4 in.)
504 ## - BIBLIOGRAPHY, ETC. NOTE
Bibliography, etc. note Includes bibliographical references
500 ## - GENERAL NOTE
General note Includes index.
650 #0 - SUBJECT ADDED ENTRY--TOPICAL TERM
Topical term or geographic name entry element Health.
700 1# - ADDED ENTRY--PERSONAL NAME
Personal name Powers, Debbie.
700 1# - ADDED ENTRY--PERSONAL NAME
Personal name Burgess, Sharon.
907 ## - LOCAL DATA ELEMENT G, LDG (RLIN)
a .b10243021
b 01-02-13
c 08-05-07
942 ## - ADDED ENTRY ELEMENTS (KOHA)
Koha item type Ordinary Loan Books
Holdings
Date last seen Total Checkouts Full call number Barcode Cost, replacement price Price effective from Koha item type Lost status Source of classification or shelving scheme Damaged status Not for loan Collection Withdrawn status Home library Current library Shelving location Date acquired Cost, normal purchase price
01/20/2023 2 RA776 ROB 92004010425 80.00 01/20/2023 BOOKS   LCC     NFIC   Medical Medical GEN 01/20/2023 80.00